Commuting patterns of industrial workers ; a study of experience since 1940 in the northeast region /

Bibliographic Details
Main Author: Adams, Leonard Palmer, 1906-
Other Authors: Mackesey, Thomas W. (Thomas William), 1908-1976
Format: Book
Language:English
Published: [Ithaca], [publisher not identified] ; [1955]
Series:Cornell University. Housing Research Center. Research publication, no. 1
Subjects:

MARC

Tag First Indicator Second Indicator Subfields
LEADER 00000cam a2200000 4500
001 in00000082557
005 20151008053045.0
008 740327s1955 nyuab b 00000 eng u
010 |a  55007751  
035 |a (OCoLC)00843412 
035 |9 AAH6029AM 
040 |c COO  |d TXA  |d UtOrBLW 
049 |a TXAM  |c [272102] 
050 0 0 |a HD5707  |b .A3 
092 |a 331.112  |b A214c 
100 1 |a Adams, Leonard Palmer,  |d 1906- 
245 1 0 |a Commuting patterns of industrial workers ;  |b a study of experience since 1940 in the northeast region /  |c by Leonard P. Adams [and] Thomas W. Mackesey. 
264 1 |a [Ithaca],  |b [publisher not identified] ;  |c [1955] 
300 |a iv, 135 pages :  |b maps, tables. ;  |c 28cm. 
336 |a text  |b txt  |2 rdacontent 
337 |a unmediated  |b n  |2 rdamedia 
338 |a volume  |b nc  |2 rdacarrier 
490 0 |a Cornell University. Housing Research Center. Research publication, no. 1 
504 |a Bibliography: pages 129-135. 
650 0 |a Commuting. 
650 0 |a Labor supply  |z New York (State) 
700 1 |a Mackesey, Thomas W.  |q (Thomas William),  |d 1908-1976. 
999 |a MARS 
999 f f |s 27d2fe1e-6f9b-36ef-b70a-c4f79021e3c1  |i e2fbc4bd-18e5-33a9-a699-5bcb40be9851  |t 0 
952 f f |p ric  |a Texas A&M University  |b Rellis Campus  |c Joint Library Facility  |d Remote Storage  |t 0  |e HD5707 .A3  |h Library of Congress classification  |i unmediated -- volume  |m A14800714460 
998 f f |a HD5707 .A3  |t 0  |l Remote Storage